DEMONYMS OF COUNTRIES ( PART 13 ) - Statistics

General Stats
  • This quiz has been taken 4 times
  • The average score is 8 of 15
Answer Stats
Hint Answer % Correct
Bermuda Bermudan
75%
Christmas Island Christmas islander
75%
Cocos (Keeling) Islands Cocos islander
75%
Curaçao Curaçaoan
75%
Djibouti Djiboutian
75%
Dominica Dominican
75%
French Polynesia French polynesian
75%
Cayman Islands Cayman islander
50%
Cook Islands Cook islander
50%
Faroe Islands Faroe islander
50%
French Guiana French Guianese
50%
Guyana Guyanese
25%
Guam Guamanian
0%
Isle of man Manx
0%
Guernsey Sarnian
0%
No matching quizzes found
Score Distribution
Percent of People with Each Score
Percentile by Number Answered
Your Score History
You have not taken this quiz